Reflexiones sobre la evaluación académica : marzo 2020 /

Bibliographic Details
Corporate Author: Universidad del Azuay (Author)
Format: Electronic eBook
Language:Spanish
Published: Cuenca, Ecuador : Universidad del Azuay, Casa Editora, [2020]
Subjects:
Online Access:Digitalia Hispánica

MARC

LEADER 00000nam a2200000 i 4500
001 DIGUAZUAY0097
003 NyNyDIG
007 cr |||||||||||
008 251211s2020 ec a ob 000 0 spa d
006 m o d
035 |a (OCoLC)1438854587 
040 |a DGITA  |b eng  |e rda  |e pn  |c DGITA 
020 |a 9789942822529  |q eBook 
020 |z 9789942822512 
043 |a s-ec--- 
050 1 4 |a LB2379 ebook 
110 2 |a Universidad del Azuay,  |e author. 
245 1 0 |a Reflexiones sobre la evaluación académica :  |b marzo 2020 /  |c Universidad del Azuay. 
264 1 |a Cuenca, Ecuador :  |b Universidad del Azuay, Casa Editora,  |c [2020] 
300 |a 1 online resource :  |b illustrations. 
336 |a text  |b txt  |2 rdacontent 
337 |a computer  |b c  |2 rdamedia 
338 |a online resource  |b cr  |2 rdacarrier 
347 |a text file  |2 rdaft 
347 |b PDF 
504 |a Includes bibliographical references. 
588 0 |a Online resource; title from PDF title page (Digitalia, viewed December 11, 2025) 
610 2 0 |a Universidad del Azuay. 
650 0 |a Education, Higher  |z Ecuador  |x Evaluation. 
650 0 |a Academic achievement  |z Ecuador  |x Evaluation. 
791 2 |a Digitalia (Firm),  |e distributor. 
793 0 |g Digitalia eBook Collection:  |a Universidad del Azuay 
776 0 8 |i Print version:  |a Universidad del Azuay.  |t Reflexiones sobre la evaluación académica.  |d Cuenca, Ecuador : Universidad del Azuay, Casa Editora, [2020]  |z 9789942822512 
856 4 0 |3 Digitalia Hispánica  |u https://www.digitaliapublishing.com/a/133481/ 
910 |a Premium collection: 2025